Szemléletváltás, eredményesség a vezetői kompetenciák tükrében

Elmentve itt :
Bibliográfiai részletek
Szerző: Kertész Zoltánné
További közreműködők: Lénárd Sándor (Témavezető)
Dokumentumtípus: Szakdolgozat
Megjelent: 2015
Tárgyszavak:
Online Access:http://diploma.bibl.u-szeged.hu/59096
LEADER 00770nta a2200193 i 4500
001 dipl59096
005 20220302141045.0
008 161201s2015 hu om 0|| zxx d
040 |a SZTE Diploma Repozitórium  |b hun 
041 |a zxx 
100 1 |a Kertész Zoltánné 
245 1 0 |a Szemléletváltás, eredményesség a vezetői kompetenciák tükrében  |h [elektronikus dokumentum] /  |c Zoltánné Kertész 
246 1 0 |a Paradigm shift in the light of the successes and leadership competencies  |h [elektronikus dokumentum] 
260 |c 2015 
650 4 |a Bölcsészettudományok 
650 4 |a Social sciences 
650 4 |a Educational sciences 
700 1 |a Lénárd Sándor  |e ths 
856 4 0 |u http://diploma.bibl.u-szeged.hu/id/eprint/59096/1/2015_kertesz_zoltanne.pdf  |z Dokumentum-elérés